000 00852nam a2200205 a 4500
008 200821s2016 ||||||||||||||||| || u
020 _a9781107541658
050 _aHD 58.8 Org
100 _aGreenwood, Royston
245 1 0 _aOrganizational wrongdoing : key perspectives and new directions
_cEdited by Donald Palmer; Kristin Smith- Crowe; Royston Greenwood
260 _aCambridge
_bCambridge University Press
_c2016
300 _axxvi, 519 pages
490 _aCambridge companions to mangement
650 0 _aORGANIZATIONAL BEHAVIOR
650 _aCORPORATIONS--CORRUPT PRACTICES
650 0 _aORGANIZATIONAL CHANGE
700 _aSmith-Crowe, Kristin
700 _aPalmer, Donald
995 _D31.00
_FCBU-MAIN LIBRARY (Kitwe)
_M1
_UAVAILABLE
_WAug 26, 2020
_ZMain Library Open Access Collection
999 _c52906
_d52906